Statystyki dla Co jest największe?

Kliknij tutaj aby rozwiązać quiz!

Ogólne statystyki

  • Ten quiz został rozwiązany 30 208 razy
  • Średni wynik to 13 z 26

Statystyki odpowiedzi

KategoriaOdpowiedź% Poprawnych
Gatunek zwierzęcia lądowego (wg wagi)Słoń afrykański
97%
Gatunek zwierzęcia lądowego (wg wzrostu)Żyrafa
91%
Państwo (wg powierzchni)Rosja
89%
Państwo (wg liczby ludności)Chiny
86%
Planeta (w Układzie Słonecznym)Jowisz
81%
Pustynia (niearktyczna)Sahara
80%
Góra (wg wysokości)Mount Everest
79%
Wodospad (wg przepływu)Niagara
65%
Rzeka (wg pojemności)Amazonka
62%
Gatunek zwierzęciaPłetwal błękitny
62%
Kość człowiekaKość udowa
58%
Organ wewnętrzny człowieka (wg wagi)Wątroba
57%
Wyspa (wg powierzchni)Grenlandia
54%
Jezioro słodkowodne (wg pojemności)Bajkał
47%
Stan USA (wg liczby ludności)Kalifornia
46%
Stan USA (wg powierzchni)Alaska
43%
Budynek (wg wysokości)Burdż Chalifa
43%
Miasto (wg obszaru metropolitarnego)Kanton lub Tokio
41%
Gatunek drzewa (wg wysokości)Sekwoja wieczniezielona
40%
Spółka publiczna (wg wartości rynkowej)Apple
26%
Wodospad (wg wysokości)Salto Angel
8%
Jezioro słodkowodne (wg powierzchni)Jezioro Górne
7%
Stadion w USA (wg pojemności)Michigan Stadium
5%
Spółka publiczna (wg dochodu)Wal-Mart
4%
Jaskinia (wg długości)Jaskinia Mamucia
2%
Gatunek drzewa (wg wagi)Mamutowiec olbrzymi
2%

Rozkład punktacji

Percentyl według liczby udzielonych odpowiedzi

Procent ludzi z każdym wynikiem

Twoja historia wyników

Nie rozwiązałeś tego quizu